[Event "RUS-ch"]
[Site "Elista"]
[Date "1994.??.??"]
[Round "4"]
[White "Tiviakov, Sergei"]
[Black "Shcherbakov, Ruslan"]
[Result "1/2-1/2"]
[WhiteElo "2640"]
[BlackElo "2510"]
[Annotator "Tiviakov,S"]
[PlyCount "101"]
[EventDate "1994.09.??"]
[EventType "swiss"]
[EventRounds "11"]
[EventCountry "RUS"]
[SourceTitle "CBM 044"]
[Source "ChessBase"]
[SourceDate "1995.02.01"]
[SourceVersion "1"]
[SourceVersionDate "1995.02.01"]
[SourceQuality "1"]

1. e4 {Belov} c5 2. Nf3 Nc6 3. d4 cxd4 4. Nxd4 e5 5. Nb5 d6 6. c4 Be7 7. N1c3 (
7. Be2 {Belov} Be6 8. O-O h6 9. b3 a6 10. N5c3 Bg5 11. Nd2 Nd4 12. Bb2 Ne7 $10
{Wolff,P-Anand,V/Biel(izt)/1993/}) (7. b3 {Belov} Nf6 8. Bd3 Bg4 9. f3 Be6 10.
Be3 Nh5 11. O-O Nf4 12. Kh1 O-O 13. N5c3 Bg5 $10 {Yakovich,Y-Shcherbakov,R/
St-Peterburg(zt)/1993/0,5/15/}) (7. Bd3 {Belov} Nf6 8. N1c3 a6 9. Na3 Bg4 10.
f3 Be6 11. Nc2 O-O 12. Be3 Nh5 13. g3 Bg5 14. Qd2 $14 {Cseshkovsky,V-Kharlov,A/
St-Peterburg(zt)/1993/0,5/41/}) 7... a6 8. Na3 Be6 9. Nc2 (9. Nd5 {Belov} Rc8
10. Be3 Bg5 11. Bb6 Qd7 12. Be2 Nge7 13. O-O O-O $10 {Oll,L-Sveshnikov,E/
Helsinki/1992/0:1/46/} 14. Be3) (9. Be2 {Belov} Bg5 10. Bxg5 Qxg5 11. O-O Rd8
12. Nd5 Nf6 13. Nc7+ Kd7 14. Nxe6 fxe6 15. Bf3 Nd4 $10 {Yudasin,L-Sveshnikov,E/
Moscow(op)/1992/0,5/28/}) 9... Bg5 (9... Rc8 $5 {Belov} 10. Bd2 Bg5 11. Bxg5 (
11. Be2 {Belov} h6 12. O-O Nf6 13. b3 O-O 14. Bxg5 hxg5 15. Qd2 b5 $13 {
Dvoirys,S-Sveshnikov,E/Helsinki/1992/0:1/51/}) 11... Qxg5 12. Qd2 Qxd2+ 13.
Kxd2 g6 $1 14. Bd3 f5 15. f3 Nf6 $10 {Anand,V-Kramnik,V/Madrid/1993/0,5/35/})
10. Bd3 (10. Be2) (10. Ne3) 10... Bxc1 (10... h6 11. O-O Nf6) 11. Rxc1 (11.
Qxc1 {Belov} Nf6 12. Nd5 O-O 13. O-O Nd7 14. b4 Ne7 15. Nce3 Nb6 16. Qd2 Nc6
$13) 11... Nf6 $6 (11... Nge7 12. O-O O-O {/\ f5}) 12. O-O O-O 13. Nd5 (13. b4
Rc8 14. Nd5 $14 {Novik-Milov/URS/1990/}) 13... Nd7 (13... a5 {xb5}) (13... Bxd5
{Belov} 14. exd5 Ne7 15. b4 $14) 14. b4 Nb6 (14... a5 15. a3 axb4 16. axb4) (
14... Rc8 {Belov} 15. Qd2 Ne7 16. Na1 Bxd5 17. cxd5 $1 $14) 15. Qd2 Rc8 16. Qe3
(16. Rfd1 {Belov} Ne7 17. Nce3 Bxd5 18. cxd5 Qd7 $10) 16... Bxd5 17. exd5 (17.
cxd5 {Belov} Ne7 18. Na1 Na4 19. Nb3 Qd7 $10) 17... Ne7 18. Na1 $1 Nd7 19. Nb3
Kh8 (19... f5 20. c5 $1 (20. f4 {Belov} exf4 21. Rxf4 (21. Qxf4 Qb6+) 21... Ne5
$13) 20... Nxd5 $2 21. Bc4 $18) 20. Rfd1 (20. Kh1 $5 {Belov} f5 21. f4) 20...
f5 21. Bf1 (21. f4 {Belov} exf4 22. Qxf4 Qb6+ $17) 21... Nf6 22. a4 Re8 (22...
f4 23. Qh3 g6 {/\ Nf5}) 23. a5 f4 24. Qh3 (24. Qf3 Ng6 {/\ e4}) 24... g6 (24...
e4 $2 25. Nd4 $16) 25. Qf3 (25. c5 Nexd5 26. Bc4 Nxb4 27. Rxd6 (27. Bf7 d5 $1
$13) 27... Qe7) 25... Nf5 26. c5 g5 (26... e4 27. Qxf4 e3 $13) 27. c6 g4 28.
Qe2 (28. Qc3 $5) 28... f3 (28... Rc7 {Belov}) 29. gxf3 gxf3 30. Qxf3 Rg8+ 31.
Kh1 Nh4 32. Qe2 (32. Qh3 $6 Ng4 $1 $40) 32... Rc7 $1 33. Bh3 (33. b5 axb5 34.
cxb7 Rxb7 35. Rc3 $16) 33... Qa8 34. Be6 $6 (34. cxb7 Rxb7) (34. Qc4 Ng6 35.
cxb7 Rxb7) (34. b5 axb5 35. cxb7 Rxb7) 34... Re8 $1 35. Qe3 (35. cxb7 {Belov}
Qxb7 $10) 35... bxc6 $1 (35... Ng6 36. Qb6 $16) 36. Qg5 $6 (36. Qb6 Rb7 37.
Qxc6 Rxb4 38. Qxa8 Rxa8 39. Nd2 $14) 36... Rxe6 $1 37. Qxh4 (37. dxe6 c5+ $19 (
37... c5+ {Belov} 38. f3 Qxf3+ 39. Kg1 Rg7 $19)) 37... Rg7 $8 (37... Nxd5 38.
Rxd5 cxd5 39. Rxc7 d4+ 40. Kg1 Rg6+ 41. Kf1 $18) 38. dxc6 d5 39. b5 (39. f3 {
Belov} Rxc6 40. Rxc6 Qxc6 $17) 39... axb5 40. f3 Rxc6 41. Rxc6 Qxc6 42. Rc1 Qe6
$15 43. Ra1 $1 Ne4 $5 (43... d4 44. a6 $1) (43... Qf5 {Belov} 44. Nd2 Ra7 45.
a6 $44) 44. fxe4 (44. a6 Qf6 45. Qxf6 Nf2#) (44. Rg1 Qf6) (44. Qd8+ Rg8) 44...
Qg6 45. Qd8+ Rg8 46. Qxg8+ Qxg8 47. a6 dxe4 48. a7 Qa8 49. Kg1 e3 50. Kf1 $1 (
50. Nc1 {Belov} h5 51. Ne2 h4 52. h3 b4 $13) 50... Qf3+ (50... Kg7 51. Ke2 Kf6
52. Kxe3 $10) 51. Kg1 1/2-1/2

[Event "Valle d'Aosta op 8th"]
[Site "Saint Vincent"]
[Date "2000.02.17"]
[Round "6"]
[White "Tiviakov, Sergei"]
[Black "Yakovich, Yuri"]
[Result "1-0"]
[WhiteElo "2567"]
[BlackElo "2580"]
[Annotator "Tiviakov,S"]
[PlyCount "61"]
[EventDate "2000.02.12"]
[EventType "tourn"]
[EventRounds "9"]
[EventCountry "ITA"]
[SourceTitle "CBM 074 Extra"]
[Source "ChessBase"]
[SourceDate "2000.03.10"]
[SourceVersion "2"]
[SourceVersionDate "2000.03.10"]
[SourceQuality "1"]

{[%mdl 640]} 1. e4 c5 2. Nf3 Nc6 3. d4 cxd4 4. Nxd4 Qc7 $6 5. Nb5 Qb8 6. Bd3 $1
Nf6 7. f4 d6 8. O-O a6 9. N5c3 e6 (9... g6 $5 10. Nd5 $14 (10. Kh1 Bg7 11. Be3
b5 12. Nd2 Bb7 13. Qe1 Qc7 $13 {Prasad,D-Murshed,N/Dhaka 1997})) 10. Be3 b5 (
10... Be7) 11. Qf3 $5 {[/\e5]} (11. Kh1 $146 Bb7 12. Nd2 Be7 13. Qe2 O-O 14.
Rf3 Nb4 15. Rh3 Nxd3 16. cxd3 Re8 17. Nb3 Bf8 18. Rf1 $14 {|^>> Jakubiec,
A-Poluljahov,A/Polanica Zdroj 1999}) (11. Nd2 Be7 12. Kh1 (12. Qf3 Bb7 {
- 11.Qf3 Bb7 12.Nd2 Be7}) 12... O-O (12... Bb7 $5 {- 11.Kh1 Bb7 12.Nd2 Be7})
13. Rf3 $1 $40 {Rodriguez,A-Pogorelov,R/Olot 1996/Inf 67/212}) 11... Bb7 (11...
Nb4 $5 12. Nd2 $14) 12. Nd2 Be7 13. Qh3 Nb4 (13... O-O 14. Nf3 $36 {/\e5}) 14.
Nf3 Nxd3 15. cxd3 O-O (15... b4 16. Na4 $16 {><b6}) (15... d5 16. e5 $16 (16.
exd5 $5)) 16. f5 exf5 $6 $146 (16... e5 $6 17. g4 $16 {->>>} b4 $142 (17... d5
$6 18. g5 d4 19. gxf6 Bxf6 20. Bg5 $1 $18 dxc3 (20... Bxg5 21. Nxg5 h6 22. f6
$18 {->}) 21. Bxf6 gxf6 22. Qh6 $18 Qd8 23. Ng5 {1-0 Tiviakov,S-Reefat bin
Satter/Dhaka 1997})) (16... b4 17. Na4 {(><b6)} exf5 18. Qxf5 $16 (18. Nd4 $5
fxe4 19. Nf5 $40)) (16... Qc8 $142 17. Rac1 Qd7 $14) {[#]} 17. Nd4 $1 g6 $2 (
17... fxe4 18. Nf5 $16 {->>>}) (17... Bc8 18. Nxf5 (18. Nc6 Qc7 19. Nxe7+ Qxe7
20. exf5 $14) 18... Bxf5 19. Rxf5 $16 {->}) 18. Nxf5 $1 (18. exf5 $16) 18...
gxf5 19. Bd4 $1 $18 Ng4 (19... Qd8 20. Qxf5 $18) (19... b4 20. Qxf5 $18) (19...
Bc8 20. Nd5 $18) 20. exf5 (20. Rxf5 Ne5 21. Rxe5 Bf6 (21... dxe5 22. Qg3+ Kh8
23. Bxe5+) 22. Rd5 Bxd4+ 23. Rxd4 $18) 20... Ne5 21. f6 Re8 (21... Bxf6 22.
Rxf6 $18) 22. Qg3+ (22. Bxe5 $18) 22... Ng6 23. fxe7 Rxe7 24. h4 b4 25. Nd1 Re2
26. Ne3 Qd8 27. Rf6 Qa5 28. Raf1 Rf8 29. R6f5 Qd8 30. h5 Qh4 31. Qxh4 1-0

[Event "ISR-chT"]
[Site "Israel"]
[Date "1998.01.17"]
[Round "?"]
[White "Murey, Jacob"]
[Black "Tsesarsky, Ilya"]
[Result "1-0"]
[WhiteElo "2420"]
[BlackElo "2425"]
[Annotator "Tsesarsky,I"]
[PlyCount "63"]
[EventDate "1998.01.15"]
[EventType "team-tourn"]
[EventRounds "10"]
[EventCountry "ISR"]
[SourceTitle "CBM 063"]
[Source "ChessBase"]
[SourceDate "1998.03.26"]
[SourceVersion "1"]
[SourceVersionDate "1998.03.26"]
[SourceQuality "1"]

1. e4 c5 2. Nf3 Nc6 3. d4 cxd4 4. Nxd4 Qc7 5. Nb5 Qb8 6. c4 Nf6 7. Nd2 $5 $146
(7. Bd3 b6 8. N1c3 Bb7 9. Na3 e6 10. Nc2 Bd6 11. Be3 Ne5 12. h3 Ng6 (12...
Nxd3+ 13. Qxd3 Be5 $11) 13. O-O Bh2+ 14. Kh1 Be5 15. Qd2 $14 {1-0 Bronstein,
D-Vasiukov,E/USSR 1976 (37)}) (7. N1c3 a6 (7... e6 8. Be3 (8. Be2 a6 9. Na3
Bxa3 10. bxa3 Qe5 11. Bb2 Nxe4 12. Nxe4 Qxb2 13. Nd6+ Ke7 14. O-O Qe5 15. Nxc8+
Rhxc8 $17 {0-1 Nemethne Csom,E-Mnatsakanian,E/Budapest Chess Festival 1991 (34)
}) 8... a6 9. Nd4 Bb4 10. Bd3 Ne5 11. O-O Neg4 12. Nf3 Nxe3 13. fxe3 $15 {
1-0 Alexander,C-Flohr,S/Nottingham 1936 (61)}) 8. Na3 b6 (8... e6 9. Nc2 Qc7
10. f4 d6 11. Bd3 b6 12. O-O Bb7 13. Bd2 Be7 14. Kh1 Rc8 15. Qe2 O-O 16. Rf3
Rfe8 17. Rh3 Nd7 18. e5 g6 19. exd6 Bxd6 $132 {0-1 Riumin,N-Flohr,S/Moscow
1936 (30)}) 9. Be3 e6 10. Nc2 Bc5 11. Be2 O-O 12. O-O Bxe3 13. Nxe3 Qe5 14. Bd3
Bb7 15. a3 Kh8 16. Kh1 g5 $1 $132 {0-1 Cao,S-Kogan,A/FSIM A Oct, Budapest HUN
1997 (37)}) 7... e6 8. Bd3 a6 (8... b6 9. O-O Bb7 10. f4 Bc5+ 11. Kh1 d6 12. a3
a6 13. Nc3 Bd4 14. Ne2 Be3 15. b4 O-O 16. Bb2 $14) (8... Be7 9. O-O O-O 10. f4
d6 (10... d5 11. cxd5 exd5 12. e5 Bc5+ 13. Kh1 Ng4 14. Bxh7+ $16) 11. b3 a6 12.
Nc3 Qa7+ 13. Kh1 Qd4 14. Ndb1 $8 (14. Qc2 $4 Nb4 $19) 14... b5 $1 (14... Nb4 $2
15. Be2 Qxd1 16. Bxd1 b6 (16... b5 $6 17. Ba3 Nd3 18. e5 Ne8 19. cxb5 axb5 20.
Nxb5 Bd7 21. N1c3 Nc5 22. Be2 $16 (22. exd6 Bxd6 23. Nxd6 Rxa3 24. Nc4 $16)) (
16... Nd3 17. Ba3 e5 $5 18. fxe5 (18. f5 b5 (18... Nf4 19. g3 Nh3 20. Nd2 h6
21. Nf3 Re8 22. Kg2 Ng5 23. Nd2 Bd7 24. h4 Ngh7 25. Bc2 Rac8 26. Rfd1 Bc6 27.
Nf1 $14) 19. Bc2 Nc5 (19... bxc4 20. Nd2 Bb7 21. Nxc4 Nc5 22. Bxc5 dxc5 23.
Rfd1 $16 (23. Nxe5 $16)) 20. Nd2 Bb7 21. Rfe1 $14) 18... Nxe5 19. Nd2 Re8 $11)
17. Ba3 Nc6 18. Bf3 (18. e5 dxe5 19. Bf3 Bxa3 20. Nxa3 Bb7 21. fxe5 Nd7 $17)
18... Bb7 19. e5 Ne8 20. Na4 $16) 15. Qe2 (15. cxb5 Nb4 16. Be2 Qxd1 17. Bxd1
axb5 18. Na3 (18. Bf3 Nc2 19. e5 Nd5 $19) (18. e5 dxe5 19. fxe5 Nd7 $15) 18...
Ba6 19. Be2 Rfc8 20. Bb2 Rc5 21. f5 e5 22. Rfe1 Rac8 23. Rac1 Bb7 24. Naxb5
Nxe4 25. Ba3 Nxc3 26. Nxc3 Rxc3 27. Rxc3 Rxc3 28. Bxb4 Rc2 29. Bf3 (29. a4 Bh4
$19) 29... Bxf3 30. gxf3 Rxa2 $17) (15. a3 Bb7 16. Bb2 bxc4 17. Bxc4 Rfc8 $132)
15... Nb4 $15) 9. Nc3 b6 (9... Bb4 10. O-O O-O 11. f4 d6 12. Ndb1 b6 13. a3
Bc5+ 14. Kh1 Bb7 15. b4 Bd4 $132) (9... Qd6 $6 {Y Murei} 10. Qe2 (10. Bc2 Qc7
11. b3 Rb8 (11... Bd6 12. Nf3 (12. Bb2 Bxh2 13. g3 Bxg3 14. fxg3 Qxg3+ 15. Kf1
Ng4 $19) 12... Ne5 (12... Bc5 13. O-O d6 14. a3 O-O 15. b4 Ba7 16. Bb2 Nd7 17.
Bb3 Nce5 18. Rc1 Nxf3+ (18... Nxc4 19. Bxc4 Qxc4 20. Qxd6 Qb3 21. Nd1 Bb8 22.
Qd2 Nf6 (22... b5 23. Rc3 Qa4 24. Rxc8 Rxc8 25. Qxd7 Bf4 26. Qd4 $18) 23. Bxf6
gxf6 24. Rc3 Qa4 25. Nb2 Qd7 26. Qh6 $16) 19. Qxf3 Ne5 20. Qg3 Rd8 (20... Bd7
21. c5 f6 (21... dxc5 22. Na4 (22. Nd5 Nf3+ 23. Qxf3 exd5 24. Bxd5 Kh8 25. bxc5
$16) 22... f6 23. Nxc5 Bxc5 24. Rxc5 $18) 22. cxd6 Qxd6 23. Rfd1 Qe7 $14) 21.
Ne2 f6 22. Kh1 $14) 13. Bb2 Nxf3+ 14. Qxf3 Be5 15. h3 O-O 16. O-O b6 17. Rad1
Bb7 $11) 12. Bb2 b5 13. cxb5 axb5 14. Bd3 b4 15. Nb5 Qf4 (15... Qa5 16. Nc4 $1
$18) 16. g3 Qh6 17. e5 $16) (10. Nf3 Nb4 11. Bb1 Qxd1+ 12. Nxd1 $132) 10... Nd4
11. Qe3 Ng4 12. Qh3 Ne5 13. O-O Qb6 14. b3 d6 15. Na4 $14) (9... Nb4 10. Be2 b5
11. a3 Nc6 12. cxb5 axb5 13. Bxb5 $16) (9... b5 $2 10. cxb5 Nb4 11. Be2 axb5
12. a3 Bb7 13. Bxb5 Bc6 (13... Bxe4 14. Ndxe4 Nxe4 15. Qxd7#) 14. Bxc6 Nd3+ 15.
Kf1 dxc6 16. Nc4 $16) 10. O-O Be7 (10... Bb4 11. Qb3 Ng4 12. g3 Nge5 13. Be2
Nd4 14. Qxb4 Nc2 15. Qa4 Nxa1 16. f4 $16) 11. f4 d6 12. Nf3 Nd7 13. Be3 Nc5 14.
Be2 O-O (14... Bf6 $142 15. Nd4 Bb7 16. Bf3 Qc7 $1 (16... O-O 17. e5 Nxd4 18.
Bxb7 Qxb7 19. exf6 Nf5 20. fxg7 Nxe3 21. gxf8=Q+ Rxf8 22. Qe2 Nxf1 23. Rxf1 $16
) (16... Nxd4 17. Bxd4 Bxd4+ 18. Qxd4 e5 19. Qd2 exf4 (19... Ne6 20. fxe5 dxe5
21. Nd5 Bxd5 22. exd5 Nd4 23. Qb4 f6 24. Rae1 $16) 20. Rad1 O-O 21. Qxd6 $16)
17. Rc1 (17. a3 Na5) 17... O-O $132) 15. Rb1 Bf6 (15... f5 16. exf5 Rxf5 17. b4
Nd7 18. Bd3 $16) 16. b4 Bxc3 $4 (16... Nd7 17. Nd4 Bb7 18. Bf3 (18. e5 dxe5 19.
Nxe6 fxe6 20. Qxd7 exf4 21. Qxe6+ Kh8 22. Bd2 Bd4+ 23. Kh1 Qe5 24. Qd7 Rab8 $15
) 18... Nxd4 (18... Qc7 $132) 19. Bxd4 Bxd4+ 20. Qxd4 e5 21. fxe5 Nxe5 22. Be2
Qc7 23. Nd5 Bxd5 24. exd5 Rac8 $11) 17. bxc5 $18 dxc5 18. Bxc5 Rd8 (18... bxc5
19. Rxb8 Rxb8 20. Qd6 $18) (18... Qxf4 19. Bxf8 Kxf8 20. Kh1 Qc7 21. Ng5 Ne5
22. c5 $1 b5 (22... bxc5 23. Rb7 $3 $18) 23. Rb3 (23. Qd6+ Qxd6 24. cxd6 $18)
23... Ba5 24. Nxf7 Nxf7 25. Rbf3 $18) 19. Qc1 $2 $16 (19. Qa4 $1 $18 b5 (19...
bxc5 20. Rxb8 Nxb8 21. Rb1 $18) (19... Nd4 20. Nxd4 (20. Bxd4 Bxd4+ 21. Nxd4
Rxd4 22. Qe8#) 20... bxc5 21. Nc6 $18 (21. Nxe6 $18)) 20. cxb5 axb5 21. Qxb5
Qxb5 22. Bxb5 Bb7 23. Rfc1 $18) 19... Ba5 (19... Nd4 20. Nxd4 Bxd4+ 21. Bxd4
Rxd4 22. Qb2 Rxe4 23. Bf3 Rxc4 24. Bxa8 Qxa8 25. Qxb6 $16) 20. e5 $2 (20. Qe3
$1 Qc7 (20... bxc5 21. Rxb8 Rxb8 22. Rd1 $16) 21. Bxb6 Bxb6 22. Qxb6 Ra7 $16)
20... bxc5 $4 $18 (20... Qa7 21. Bf2 (21. Bd6 Ne7 (21... Bb7 22. Qc2 h6 23. f5
$14) (21... b5+ 22. Kh1 bxc4 23. Qxc4 Bd7 24. Bd3 Be8 25. Rfd1 $16) (21... Bd7
$5 22. Qc2 Ne7 $5 23. c5 (23. Bxe7 $2 Ba4 $3 24. Qe4 (24. Qxa4 b5+) 24... Qxe7
$15) 23... Nf5 24. Rfc1 Bc6 $132) 22. Bd3 Nf5 23. Bxf5 exf5 24. Nd4 Bd7 25. Qe3
b5 26. c5 Rac8 27. Rfd1 $14) 21... Qc7 $132) 21. Rxb8 Rxb8 22. Rd1 $1 Rxd1+ 23.
Qxd1 Bc7 24. Bd3 g6 25. h4 Rb2 26. Be4 (26. Qa1 Rb4 27. a3 Rb6 28. h5 $18)
26... Na5 27. h5 Rb4 (27... Rxa2 28. Ng5 h6 (28... Nxc4 29. Nxh7 Kxh7 30. hxg6+
fxg6 31. Qh5+ Kg7 32. Bxg6 Nxe5 33. fxe5 Bxe5 34. Qxe5+ Kxg6 35. Qc7 $18) 29.
hxg6 (29. Nxf7 Kxf7 30. Qg4 g5 31. fxg5 Bxe5 32. gxh6 Ra1+ 33. Kf2 Bd4+ 34. Kg3
Nxc4 35. h7 Be5+ $17) 29... fxg6 30. Bxg6 Nxc4 31. Qb1 $18) 28. Ng5 Rxc4 29.
Nxh7 Kxh7 30. hxg6+ fxg6 31. Qh5+ Kg7 32. Bxg6 1-0

[Event "Dortmund SuperGM 23rd"]
[Site "Dortmund"]
[Date "1995.07.20"]
[Round "6"]
[White "Leko, Peter"]
[Black "Kramnik, Vladimir"]
[Result "1/2-1/2"]
[WhiteElo "2605"]
[BlackElo "2730"]
[Annotator "Von Gleich,A"]
[PlyCount "43"]
[EventDate "1995.07.14"]
[EventType "tourn"]
[EventRounds "9"]
[EventCountry "GER"]
[EventCategory "17"]
[SourceTitle "CBM 048"]
[Source "ChessBase"]
[SourceDate "1995.10.01"]
[SourceVersion "1"]
[SourceVersionDate "1995.10.01"]
[SourceQuality "1"]

1. e4 {Horvath,T} c5 2. Nf3 Nc6 3. d4 cxd4 4. Nxd4 e5 5. Nb5 d6 6. c4 Be7 7.
Be2 f5 $5 {Der Zug sieht anrüchig aus.} (7... a6 8. N5c3 Bg5 $13) 8. exf5 (8.
O-O $6 {Horvath,T} fxe4 9. N1c3 a6 10. Na3 Nf6 11. Nc2 O-O 12. Bg5 Be6 13. Qd2
Rc8 $15 {Jojic-Sveshnikov/Torcy/1991}) (8. N1c3 {Horvath,T} a6 9. Na3 Nf6 10.
exf5 Bxf5 11. O-O O-O 12. Nc2 Rc8 13. Ne3 Be6 14. Bf3 b5 $13 {Savon-Sveshnikov/
Anapa/1991}) 8... Bxf5 9. Bg5 (9. Bg4 Bxg4 (9... Bxb1 $2 {Horvath,T} 10. Rxb1
a6 11. Nc3 Nf6 12. Bf3 O-O 13. O-O Kh8 14. Be3 Qe8 15. Ne4 $16 {
Petrushin-Cherniaev/Sotschi/1993}) 10. Qxg4 Nf6 11. Qe2 (11. Qd1 $13) (11. Qd1
O-O 12. O-O d5 13. cxd5 Nxd5 14. N1c3 Nxc3 15. Nxc3 Bc5 $10 {
Petrushin-Sherbakov/Russia/1992})) (9. Be3 {Horvath,T} Nf6 10. N1c3 a6 11. Na3
O-O 12. O-O Qe8 (12... Rc8 13. Rc1 Qe8 $13 {Wiersma-Riemens/Ensched/1991}) 13.
Nd5 Nxd5 14. cxd5 Nd4 $1 15. Bxd4 exd4 16. Bd3 $13 {Almasi,Z-Maidla/Debrecen/
1992}) (9. O-O {Horvath,T} Nf6 10. N1c3 a6 11. Na3 O-O 12. Nc2 Rc8 13. Ne3 Be6
14. Ned5 Nd4 15. Be3 $13 {Stitis-Milov/ISL/1992}) 9... a6 (9... Nf6 $6 10. Bxf6
(10. Bh5+ {Horvath,T} Kf8 11. O-O a6 12. Bxf6 gxf6 13. N5c3 Qd7 14. Nd5 Bd8 15.
Nbc3 $14 {Belikov-Sherbakov/Kujbisev/1990}) 10... gxf6 $14) 10. Bxe7 Kxe7 11.
N5c3 $14 Nf6 12. O-O (12. Nd2 d5 (12... Nd4 13. O-O Kf7 $14) 13. cxd5 Nxd5 14.
O-O Nf4 (14... Nxc3 15. bxc3 Rf8) 15. Bf3 $14) 12... Qb6 (12... Nd4 $6 {
Horvath,T} 13. Bd3 Be6 14. Kh1 Rf8 15. f4 $14 {Tschurpikov-Shuraev/Voronez/1991
}) 13. b3 (13. g4 $5 {Versucht den Umstand, daß schwarzer K und Q in einer
Springergabel stehen, direkt auszunutzen, jedoch...} Bxb1 (13... Be6 14. g5 Nd7
$17 {Weiß hat nur seinen Königsflügel geschwächt.} 15. Nd5+ Bxd5 16. cxd5 Nd4)
14. g5 Bf5 15. gxf6+ Kf7 $15) (13. Qd2 {Horvath,T} h6 14. Na3 Qd4 15. Rad1 Qxd2
16. Rxd2 Nd4 $10 {Shabtai-Milov/Budapest/1993}) 13... Rhd8 14. Bd3 (14. Nd2 d5
15. g4 dxc4 16. gxf5) 14... Be6 15. Be4 (15. Nd2 $2 {Horvath,T} Qd4) 15... Qd4
(15... Qa5 $5 16. Qd3 Nd4 $1 17. Bxb7 (17. Nd2 $2 Qxc3 18. Qxc3 Ne2+ $19) (17.
Kh1 Nxb3) (17. Nd5+ Bxd5 18. Bxd5 $13) 17... Rab8 18. b4 (18. Be4 Nxb3) 18...
Qxb4 19. Bxa6 Qb2) 16. Qe2 (16. Qxd4 $2 exd4 (16... Nxd4) 17. Nd5+ Bxd5 18.
cxd5 Nb4 $15) 16... Nxe4 17. Nxe4 (17. Qxe4 Qxe4 18. Nxe4 b5 $1 $15 (18... d5 {
Horvath,T} 19. cxd5 Bxd5 20. Nbc3 Bxe4 21. Nxe4 Rd4 $10)) 17... Qxa1 18. Nbc3
Nd4 19. Qd2 Qxf1+ (19... Nxb3 $2 20. Qg5+ Kf8 21. Rxa1 Nxa1 22. Qc1 $16) 20.
Kxf1 h6 (20... Rac8 21. Qg5+ Kf8 22. Qh5 h6 {mit der Idee, b5 folgen zu lassen,
war durchaus beachtenswert.}) 21. Ne2 Nxe2 22. Kxe2 (22. Kxe2 b5 (22... Rac8
23. Qb4) 23. Qb4 bxc4 24. Nxd6 Rxd6 (24... Rab8 25. Nc8+) 25. Qb7+ {Horvath,T}
Rd7 26. Qxa8 cxb3 27. axb3 Bxb3 28. Qxa6 Be6 $14) 1/2-1/2

[Event "St Petersburg op"]
[Site "St Petersburg"]
[Date "1994.??.??"]
[Round "7"]
[White "Kiselev, Maxim"]
[Black "Ioffe, Alexander"]
[Result "1-0"]
[WhiteElo "2400"]
[BlackElo "2320"]
[Annotator "Wahls,M"]
[PlyCount "73"]
[EventDate "1994.02.??"]
[EventType "swiss"]
[EventRounds "9"]
[EventCountry "RUS"]
[SourceTitle "CBM 041"]
[Source "ChessBase"]
[SourceDate "1994.08.01"]
[SourceVersion "1"]
[SourceVersionDate "1994.08.01"]
[SourceQuality "1"]

1. e4 c5 2. Nf3 Nc6 3. d4 cxd4 4. Nxd4 e5 5. Nb5 d6 6. N1c3 a6 7. Na3 b5 (7...
Be6 8. Nc4 b5 (8... Rc8 9. Nd5 Bxd5 10. exd5 Nb8 11. Be2 Nd7 12. O-O Ngf6 13.
a4 Be7 14. Be3 O-O 15. a5 $16 {Matanovic-Larsen,B,Bevervijk 1960}) 9. Ne3 Nf6
10. g3 Rc8 11. Bg2 h5 12. O-O h4 13. Ncd5 Ne7 14. Nxf6+ gxf6 15. a4 b4 16. Qd3
Qb6 17. a5 Qa7 18. Rd1 Rc5 19. c3 b3 20. Ra4 hxg3 21. hxg3 Bg7 22. Nf5 Bxf5 23.
exf5 Qd7 24. Rg4 $18 {Shirov,A-Bareev,E,Tilburg 1993}) 8. Nd5 Nge7 (8... Nf6 9.
Bg5 {B33}) 9. c4 {Dieser Zug scheint den schwarzen Aufbau ernsthaft in Frage
zu stellen.} Nd4 10. Be3 Nxd5 11. cxd5 Be7 12. Bd3 O-O (12... Qa5+ 13. Qd2 $16
{Adrianov,Nikolaides}) 13. O-O f5 $6 (13... Bf6 14. Bxd4 exd4 15. Qd2 Qb6 16.
Rad1 {weißer Vorteil(Idee Lb1,Sc2) Barlov,Jovicic}) (13... Bd7 14. Qd2 Rc8 15.
f4 Qb6 (15... Qc7 16. f5 $16) 16. Nc2 Bf6 {Kotronijas-Nikolaides,Athens 1993}
17. Nxd4 exd4 18. Bf2 $16 {Idee Tae1 Barlov,Jovicic}) 14. Bxd4 exd4 15. exf5
Bxf5 16. Nc2 $16 Bxd3 (16... Bd7 {Rodriguez,Am-Estevez Morales ,Cuba ch ch 1988
}) 17. Qxd3 Bf6 18. Nxd4 Qb6 19. Ne6 Rfc8 20. Rae1 Rc4 21. Re2 Rac8 22. g3 a5
23. Kg2 a4 24. Rfe1 b4 25. Nd8 Be5 26. Nc6 R8xc6 27. dxc6 Qxc6+ 28. Kg1 Rc1 29.
b3 Rc3 30. Qf5 axb3 31. Qe6+ Kh8 32. axb3 h6 33. Ra2 Qf3 34. Qg6 Rxb3 35. Ra7
Rb2 36. Rf7 Qa8 37. Re7 1-0